Statistics for Countries, US States, Capitals, Elements, 100 Most Common Words: Complete List with Hints

Click here to take the quiz!

General Stats

  • This quiz has been taken 867 times
    (529 since last reset)
  • The average score is 392 of 714

Answer Stats

CATEGORYFULL ANSWERANSWER% Correct
100 Common WordsA{A}
99%
100 Common WordsBe{B}e{}
93%
100 Common WordsI{I}
92%
100 Common WordsAn{A}n{}
91%
100 Common WordsDo{D}o{}
91%
100 Common WordsMe{M}e{}
89%
100 Common WordsAnd{An}d{}
87%
100 Common WordsCan{Ca}n{}
87%
100 Common WordsNo{N}o{}
87%
100 Common WordsIn{I}n{}
86%
100 Common WordsHe{H}e{}
85%
100 Common WordsSo{S}o{}
84%
CountryCanada{Can}a{da}
83%
100 Common WordsNew{Ne}w{}
83%
100 Common WordsWe{W}e{}
83%
World CapitalWashington D.C.{Washington} D{.C.}
82%
CountryArgentina{A}r{gentina}
81%
100 Common WordsAs{A}s{}
81%
100 Common WordsAt{A}t{}
81%
CountryAustralia{Aust}r{alia}
81%
100 Common WordsGo{G}o{}
81%
CountryIndia{In}d{ia}
81%
CountryMexico{Me}x{ico}
81%
World CapitalMexico City{Mexico} C{ity}
81%
100 Common WordsOr{O}r{}
81%
100 Common WordsTo{T}o{}
81%
100 Common WordsUs{U}s{}
81%
US StateWashington{Wa}s{hington}
81%
CountryBrazil{Bra}z{il}
80%
100 Common WordsIt{I}t{}
80%
CountryAfghanistan{A}f{ghanistan}
79%
CountryAndorra{And}o{rra}
79%
CountryCentral African Republic{C}e{ntral African Republic}
79%
CountryChina{Chi}n{a}
79%
CountryUnited Kingdom{United }K{ingdom}
79%
CountryAustria{Austr}i{a}
78%
CountryBelgium{Bel}g{ium}
78%
CountryChile{Chi}l{e}
78%
CountryColombia{Co}l{ombia}
78%
US State CapitalColumbia{Col}u{mbia}
78%
CountryAlgeria{Al}g{eria}
77%
US StateArizona{Ar}i{zona}
77%
US StateAlabama{A}l{abama}
76%
CountryGeorgia{Georgia}
76%
US StateGeorgia{Georg}i{a}
76%
CountryGuatemala{G}u{atemala}
76%
World CapitalGuatemala City{Guatemala} C{ity}
76%
US StateArkansas{Ar}k{ansas}
75%
CountryBhutan{B}h{utan}
75%
CountryCuba{C}u{ba}
75%
US StateNew York{New }Y{ork}
75%
US StateAlaska{Ala}s{ka}
74%
CountryBelize{Bel}i{ze}
74%
US StateCalifornia{Cal}i{fornia}
74%
CountryChad{C}h{ad}
74%
CountryDominica{Do}m{inica}
74%
CountryEcuador{E}c{uador}
74%
CountryEgypt{E}g{ypt}
74%
US StateFlorida{Fl}o{rida}
74%
World CapitalLondon{Lo}n{don}
74%
World CapitalRome{Rom}e{}
74%
100 Common WordsThe{Th}e{}
74%
World CapitalAmsterdam{Am}s{terdam}
73%
CountryGermany{German}y{}
73%
CountryIran{I}r{an}
73%
CountryJapan{Ja}p{an}
73%
CountryAlbania{Al}b{ania}
72%
CountryAngola{An}g{ola}
72%
CountryArmenia{Ar}m{enia}
72%
CountryAzerbaijan{A}z{erbaijan}
72%
CountryBelarus{Be}l{arus}
72%
World CapitalBerlin{Ber}l{in}
72%
CountryBolivia{Bo}l{ivia}
72%
CountryCosta Rica{Co}s{ta Rica}
72%
CountryEl Salvador{E}l{ Salvador}
72%
CountryFinland{Fi}n{land}
72%
CountryFrance{F}r{ance}
72%
CountryGuinea{Gu}i{nea}
72%
CountryGuyana{Gu}y{ana}
72%
US StateIdaho{I}d{aho}
72%
CountryIraq{Ira}q{}
72%
CountryIreland{Ir}e{land}
72%
CountryIsrael{Is}r{ael}
72%
World CapitalOttawa{Ot}t{awa}
72%
CountryPanama{Pa}n{ama}
72%
World CapitalPanama City{Panama} C{ity}
72%
CountryPeru{Pe}r{u}
72%
US StateTexas{Te}x{as}
72%
World CapitalVatican City{Va}t{ican City}
72%
CountryVatican City{Vatican City}
72%
CountryBahamas{Ba}h{amas}
71%
CountryCzech Republic{C}z{ech Republic}
71%
CountryHaiti{Ha}i{ti}
71%
US StateIndiana{India}n{a}
71%
CountryLuxembourg{Luxembourg}
71%
World CapitalLuxembourg{Lu}x{embourg}
71%
US StateNorth Dakota{North }D{akota}
71%
CountryPortugal{Port}u{gal}
71%
CountryUnited Arab Emirates{U}n{ited Arab Emirates}
71%
CountryUnited States{United }S{tates}
71%
CountryAntigua and Barbuda{Ant}i{gua and Barbuda}
70%
World CapitalBeijing{Be}i{jing}
70%
CountryBosnia and Herzegovina{Bo}s{nia and Herzegovina}
70%
CountryBrunei{Br}u{nei}
70%
World CapitalBrussels{Bru}s{sels}
70%
CountryCroatia{C}r{oatia}
70%
CountryDemocratic Republic of the Congo{De}m{ocratic Republic of the Congo}
70%
CountryFiji{F}i{ji}
70%
CountryGreece{G}r{eece}
70%
CountryHungary{H}u{ngary}
70%
CountryIceland{I}c{eland}
70%
CountryItaly{It}a{ly}
70%
CountryJamaica{Ja}m{aica}
70%
US StateMaine{Ma}i{ne}
70%
US StateMississippi{Mi}s{sissippi}
70%
US StateMontana{Mon}t{ana}
70%
US StateNew Mexico{New }M{exico}
70%
US StateOhio{O}h{io}
70%
CountryOman{O}m{an}
70%
US StateOregon{Or}e{gon}
70%
CountryParaguay{Pa}r{aguay}
70%
US StateSouth Dakota{South }D{akota}
70%
CountrySouth Korea{South }K{orea}
70%
100 Common WordsWhen{Wh}e{n}
70%
World CapitalAthens{At}h{ens}
69%
World CapitalBern{Ber}n{}
69%
World CapitalBrasília{B}r{asília}
69%
World CapitalCairo{Ca}i{ro}
69%
CountryCambodia{Ca}m{bodia}
69%
CountryCyprus{C}y{prus}
69%
CountryDenmark{De}n{mark}
69%
CountryDominican Republic{Dominica}n{ Republic}
69%
US StateIowa{Io}w{a}
69%
CountryJordan{J}o{rdan}
69%
CountryKenya{Ken}y{a}
69%
CountryLaos{La}o{s}
69%
CountryLatvia{La}t{via}
69%
World CapitalMadrid{Mad}r{id}
69%
100 Common WordsOn{O}n{}
69%
CountryPoland{Po}l{and}
69%
CountryRepublic of the Congo{R}e{public of the Congo}
69%
World CapitalSan Marino{San }M{arino}
69%
CountrySan Marino{San Marino}
69%
CountryBahrain{Bah}r{ain}
68%
CountryBangladesh{Bang}l{adesh}
68%
CountryBotswana{Bo}t{swana}
68%
World CapitalCanberra{Can}b{erra}
68%
CountryCape Verde{Cape }V{erde}
68%
US StateColorado{Colo}r{ado}
68%
World CapitalDjibouti{D}j{ibouti}
68%
CountryDjibouti{Djibouti}
68%
World CapitalDublin{D}u{blin}
68%
CountryEstonia{E}s{tonia}
68%
CountryGabon{}G{abon}
68%
CountryGuinea-Bissau{Guinea}-B{issau}
68%
CountryHonduras{Ho}n{duras}
68%
CountryKazakhstan{Ka}z{akhstan}
68%
CountryLibya{Lib}y{a}
68%
CountryMali{Mal}i{}
68%
US StateMissouri{Miss}o{uri}
68%
100 Common WordsMy{M}y{}
68%
CountryNepal{Ne}p{al}
68%
World CapitalNew Delhi{New} D{elhi}
68%
CountryNew Zealand{New }Z{ealand}
68%
CountryNicaragua{Ni}c{aragua}
68%
CountryNorth Korea{North }K{orea}
68%
World CapitalParis{Par}i{s}
68%
CountryRussia{Ru}s{sia}
68%
100 Common WordsSay{Sa}y{}
68%
CountrySingapore{Singapore}
68%
World CapitalSingapore{Si}n{gapore}
68%
US StateSouth Carolina{South }C{arolina}
68%
CountrySweden{S}w{eden}
68%
US StateUtah{U}t{ah}
68%
CountryYemen{Ye}m{en}
68%
CountryBarbados{Ba}r{bados}
67%
World CapitalBudapest{Bu}d{apest}
67%
CountryBulgaria{Bu}l{garia}
67%
US StateConnecticut{Con}n{ecticut}
67%
CountryEthiopia{E}t{hiopia}
67%
CountryGhana{G}h{ana}
67%
US StateHawaii{Ha}w{aii}
67%
100 Common WordsHer{He}r{}
67%
US StateIllinois{I}l{linois}
67%
CountryLithuania{Lith}u{ania}
67%
US StateMichigan{M}i{chigan}
67%
World CapitalMoscow{Mosco}w{}
67%
US StateNew Hampshire{New }H{ampshire}
67%
US StateNew Jersey{New }J{ersey}
67%
US StateNorth Carolina{No}r{th Carolina}
67%
CountrySaint Kitts and Nevis{Saint }K{itts and Nevis}
67%
CountrySaint Lucia{Saint }L{ucia}
67%
World CapitalAbu Dhabi{Ab}u{ Dhabi}
66%
World CapitalAlgiers{Alg}i{ers}
66%
CountryBenin{Be}n{in}
66%
World CapitalBucharest{B}u{charest}
66%
CountryBurundi{Bur}u{ndi}
66%
CountryGambia{Ga}m{bia}
66%
CountryIndonesia{Ind}o{nesia}
66%
US StateKansas{Ka}n{sas}
66%
US StateKentucky{K}e{ntucky}
66%
CountryKosovo{K}o{sovo}
66%
CountryKyrgyzstan{K}y{rgyzstan}
66%
World CapitalLisbon{Li}s{bon}
66%
CountryMalta{Mal}t{a}
66%
CountryNorway{Nor}w{ay}
66%
US StateOklahoma{O}k{lahoma}
66%
World CapitalOslo{O}s{lo}
66%
CountryRwanda{R}w{anda}
66%
CountrySouth Africa{So}u{th Africa}
66%
CountrySpain{S}p{ain}
66%
CountrySudan{Su}d{an}
66%
World CapitalTokyo{To}k{yo}
66%
CountryTurkey{Tu}r{key}
66%
CountryUruguay{Ur}u{guay}
66%
US StateVermont{Ve}r{mont}
66%
CountryVietnam{Vie}t{nam}
66%
US StateWyoming{W}y{oming}
66%
CountryZimbabwe{Z}i{mbabwe}
66%
World CapitalAccra{A}c{cra}
65%
CountryEritrea{Er}i{trea}
65%
CountryGrenada{Gre}n{ada}
65%
CountryKuwait{Ku}w{ait}
65%
World CapitalKuwait City{Kuwait} C{ity}
65%
CountryLebanon{Le}b{anon}
65%
CountryLiechtenstein{Li}e{chtenstein}
65%
CountryMorocco{Mo}r{occo}
65%
CountrySaint Vincent and the Grenadines{Saint }V{incent and the Grenadines}
65%
100 Common WordsSee{Se}e{}
65%
World CapitalTunis{Tun}i{s}
65%
CountryTurkmenistan{Turk}m{enistan}
65%
CountryUkraine{U}k{raine}
65%
100 Common WordsWell{We}l{l}
65%
US StateWest Virginia{We}s{t Virginia}
65%
World CapitalAbuja{Abu}j{a}
64%
World CapitalAnkara{An}k{ara}
64%
World CapitalBogotá{B}o{gotá}
64%
World CapitalBratislava{Bra}t{islava}
64%
World CapitalBuenos Aires{Bu}e{nos Aires}
64%
CountryCameroon{Cam}e{roon}
64%
CountryComoros{Com}o{ros}
64%
ElementsGold{Go}l{d}
64%
World CapitalHelsinki{Hel}s{inki}
64%
World CapitalJakarta{Ja}k{arta}
64%
US StateLouisiana{Lo}u{isiana}
64%
CountryMaldives{Mal}d{ives}
64%
US StateMassachusetts{Mas}s{achusetts}
64%
World CapitalMonaco{Mo}n{aco}
64%
CountryMonaco{Monaco}
64%
CountryMongolia{Mon}g{olia}
64%
CountryMyanmar{My}a{nmar}
64%
CountryNetherlands{Ne}t{herlands}
64%
US StateNevada{Ne}v{ada}
64%
CountryNiger{Ni}g{er}
64%
CountryPakistan{}P{akistan}
64%
US StatePennsylvania{P}e{nnsylvania}
64%
CountryQatar{}Q{atar}
64%
US StateRhode Island{Rh}o{de Island}
64%
100 Common WordsShe{S}h{e}
64%
CountrySlovakia{S}l{ovakia}
64%
CountrySouth Sudan{South }S{udan}
64%
CountrySwitzerland{Sw}i{tzerland}
64%
CountrySyria{S}y{ria}
64%
CountryTrinidad and Tobago{Tr}i{nidad and Tobago}
64%
CountryUzbekistan{U}z{bekistan}
64%
US StateVirginia{Vi}r{ginia}
64%
US StateWisconsin{Wi}s{consin}
64%
CountryZambia{Za}m{bia}
64%
US State CapitalAustin{Au}s{tin}
63%
World CapitalBaghdad{Ba}g{hdad}
63%
World CapitalBangkok{Ban}g{kok}
63%
CountryBurkina Faso{Bu}r{kina Faso}
63%
US StateDelaware{D}e{laware}
63%
CountryEswatini{Es}w{atini}
63%
World CapitalHavana{Ha}v{ana}
63%
US StateMinnesota{Mi}n{nesota}
63%
CountryMontenegro{Mont}e{negro}
63%
CountryNigeria{Niger}i{a}
63%
World CapitalPrague{P}r{ague}
63%
CountryRomania{Ro}m{ania}
63%
CountrySaudi Arabia{Sa}u{di Arabia}
63%
World CapitalSeoul{Se}o{ul}
63%
CountrySlovenia{Slov}e{nia}
63%
CountrySuriname{Su}r{iname}
63%
CountryUganda{}U{ganda}
63%
World CapitalAddis Ababa{A}d{dis Ababa}
62%
US State CapitalAlbany{Alban}y{}
62%
CountryEast Timor{}E{ast Timor}
62%
CountryEquatorial Guinea{E}q{uatorial Guinea}
62%
ElementsHydrogen{H}y{drogen}
62%
CountryIvory Coast{I}v{ory Coast}
62%
CountryLesotho{Le}s{otho}
62%
World CapitalLima{Li}m{a}
62%
CountryMadagascar{}M{adagascar}
62%
CountryMalaysia{Mala}y{sia}
62%
CountryTajikistan{Ta}j{ikistan}
62%
US StateTennessee{Te}n{nessee}
62%
CountryTogo{To}g{o}
62%
CountryVenezuela{V}e{nezuela}
62%
World CapitalAsunción{As}u{nción}
61%
World CapitalJerusalem{Je}r{usalem}
61%
US StateMaryland{Mar}y{land}
61%
CountryNamibia{Na}m{ibia}
61%
CountryPapua New Guinea{Pa}p{ua New Guinea}
61%
CountryPhilippines{P}h{ilippines}
61%
CountrySamoa{Sam}o{a}
61%
World CapitalStockholm{S}t{ockholm}
61%
CountryTanzania{Tan}z{ania}
61%
100 Common WordsBack{}B{ack}
60%
World CapitalBelgrade{Belg}r{ade}
60%
World CapitalCaracas{Ca}r{acas}
60%
World CapitalCopenhagen{Co}p{enhagen}
60%
World CapitalKiev{K}i{ev}
60%
CountryMalawi{Mala}w{i}
60%
CountryMoldova{Mo}l{dova}
60%
CountryNorth Macedonia{North }M{acedonia}
60%
ElementsOxygen{O}x{ygen}
60%
CountryPalau{Pa}l{au}
60%
CountrySeychelles{Se}y{chelles}
60%
CountrySomalia{So}m{alia}
60%
CountrySri Lanka{Sri }L{anka}
60%
CountryThailand{T}h{ailand}
60%
CountryTuvalu{Tu}v{alu}
60%
CountryVanuatu{Van}u{atu}
60%
100 Common WordsWho{Wh}o{}
60%
World CapitalBeirut{Bei}r{ut}
59%
CountryFederated States of Micronesia{}F{ederated States of Micronesia}
59%
World CapitalHanoi{Ha}n{oi}
59%
CountryMauritania{Ma}u{ritania}
59%
CountryNauru{Na}u{ru}
59%
CountrySolomon Islands{So}l{omon Islands}
59%
CountryTaiwan{Tai}w{an}
59%
CountryTonga{To}n{ga}
59%
CountryTunisia{Tunis}i{a}
59%
World CapitalWarsaw{Wa}r{saw}
59%
World CapitalWellington{Well}i{ngton}
59%
ElementsAluminium{Al}u{minium}
58%
World CapitalAmman{Am}m{an}
58%
World CapitalAndorra la Vella{Andorra} l{a Vella}
58%
US State CapitalBoston{Bos}t{on}
58%
100 Common WordsBut{Bu}t{}
58%
World CapitalDamascus{Da}m{ascus}
58%
World CapitalDhaka{D}h{aka}
58%
ElementsHelium{Hel}i{um}
58%
World CapitalKathmandu{Ka}t{hmandu}
58%
CountryKiribati{Ki}r{ibati}
58%
CountryLiberia{L}i{beria}
58%
World CapitalRabat{}R{abat}
58%
CountrySerbia{Se}r{bia}
58%
100 Common WordsThey{The}y{}
58%
World CapitalVienna{Vi}e{nna}
58%
100 Common WordsYou{Y}o{u}
58%
World CapitalCape Town{Ca}p{e Town}
57%
World CapitalKabul{}K{abul}
57%
World CapitalKingston{Ki}n{gston}
57%
World CapitalKingstown{Kingsto}w{n}
57%
World CapitalManila{Man}i{la}
57%
World CapitalReykjavík{Re}y{kjavík}
57%
World CapitalSantiago{Sant}i{ago}
57%
World CapitalSão Tomé{Sã}o{ Tomé}
57%
CountrySão Tomé and Príncipe{São Tomé} a{nd Príncipe}
57%
ElementsSilver{Sil}v{er}
57%
US State CapitalAtlanta{At}l{anta}
56%
World CapitalBrazzaville{Braz}z{aville}
56%
100 Common WordsBy{B}y{}
56%
ElementsCarbon{Car}b{on}
56%
World CapitalDoha{Do}h{a}
56%
ElementsIron{Ir}o{n}
56%
World CapitalKuala Lumpur{K}u{ala Lumpur}
56%
World CapitalMalé{Mal}é{}
56%
CountryMarshall Islands{Ma}r{shall Islands}
56%
CountryMozambique{Mo}z{ambique}
56%
US StateNebraska{N}e{braska}
56%
100 Common WordsOf{}O{f}
56%
World CapitalPort-au-Prince{Port}-a{u-Prince}
56%
World CapitalPretoria{Pr}e{toria}
56%
World CapitalQuito{Q}u{ito}
56%
World CapitalRiga{Ri}g{a}
56%
US State CapitalSacramento{}S{acramento}
56%
CountrySenegal{Se}n{egal}
56%
CountrySierra Leone{S}i{erra Leone}
56%
100 Common WordsHis{Hi}s{}
55%
World CapitalIslamabad{I}s{lamabad}
55%
World CapitalLa Paz{}L{a Paz}
55%
CountryMauritius{Maurit}i{us}
55%
World CapitalPyongyang{P}y{ongyang}
55%
World CapitalSofia{So}f{ia}
55%
World CapitalZagreb{}Z{agreb}
55%
ElementsArgon{Arg}o{n}
54%
World CapitalAstana{As}t{ana}
54%
World CapitalBaku{Ba}k{u}
54%
World CapitalBelmopan{Bel}m{opan}
54%
World CapitalDakar{}D{akar}
54%
100 Common WordsFor{F}o{r}
54%
World CapitalMinsk{Min}s{k}
54%
World CapitalMontevideo{Monte}v{ideo}
54%
World CapitalSan Salvador{San }S{alvador}
54%
World CapitalTaipei{}T{aipei}
54%
World CapitalTallinn{Tall}i{nn}
54%
100 Common WordsThen{The}n{}
54%
World CapitalValletta{Va}l{letta}
54%
World CapitalVilnius{Vi}l{nius}
54%
100 Common WordsWhat{W}h{at}
54%
World CapitalDili{D}i{li}
53%
World CapitalGeorgetown{G}e{orgetown}
53%
World CapitalLjubljana{L}j{ubljana}
53%
World CapitalManagua{Ma}n{agua}
53%
World CapitalRiyadh{Ri}y{adh}
53%
100 Common WordsThem{The}m{}
53%
100 Common WordsAbout{A}b{out}
52%
100 Common WordsAll{Al}l{}
52%
World CapitalAntananarivo{An}t{ananarivo}
52%
US State CapitalBoise{Bo}i{se}
52%
ElementsBoron{Bo}r{on}
52%
World CapitalChișinău{Ch}i{șinău}
52%
ElementsChlorine{Ch}l{orine}
52%
US State CapitalColumbus{Columb}u{s}
52%
US State CapitalDenver{Den}v{er}
52%
World CapitalFreetown{Fr}e{etown}
52%
US State CapitalIndianapolis{Indiana}p{olis}
52%
World CapitalJuba{J}u{ba}
52%
World CapitalKhartoum{K}h{artoum}
52%
World CapitalLuanda{L}u{anda}
52%
100 Common WordsOur{Ou}r{}
52%
US State CapitalPhoenix{Ph}o{enix}
52%
World CapitalSana'a{San}a{'a}
52%
World CapitalTehran{Te}h{ran}
52%
World CapitalVaduz{}V{aduz}
52%
100 Common WordsYear{Y}e{ar}
52%
ElementsZinc{Zi}n{c}
52%
US State CapitalBaton Rouge{Ba}t{on Rouge}
51%
100 Common WordsHim{H}i{m}
51%
US State CapitalHonolulu{Hon}o{lulu}
51%
World CapitalNairobi{}N{airobi}
51%
ElementsNeon{Neo}n{}
51%
World CapitalNicosia{Nic}o{sia}
51%
World CapitalSan José{Sa}n{ José}
51%
World CapitalSarajevo{S}a{rajevo}
51%
World CapitalUlaanbaatar{U}l{aanbaatar}
51%
World CapitalAshgabat{As}h{gabat}
50%
World CapitalAsmara{As}m{ara}
50%
US State CapitalAugusta{A}u{gusta}
50%
World CapitalBasseterre{Ba}s{seterre}
50%
ElementsBeryllium{Ber}y{llium}
50%
World CapitalBishkek{B}i{shkek}
50%
US State CapitalBismarck{Bis}m{arck}
50%
World CapitalHarare{Ha}r{are}
50%
100 Common WordsHave{Hav}e{}
50%
100 Common WordsIts{It}s{}
50%
World CapitalKigali{Ki}g{ali}
50%
World CapitalKinshasa{Kin}s{hasa}
50%
ElementsLithium{Li}t{hium}
50%
100 Common WordsNot{No}t{}
50%
World CapitalPodgorica{P}o{dgorica}
50%
World CapitalSkopje{S}k{opje}
50%
World CapitalTbilisi{T}b{ilisi}
50%
100 Common WordsThis{Thi}s{}
50%
World CapitalTripoli{Tri}p{oli}
50%
100 Common WordsYour{You}r{}
50%
World CapitalApia{A}p{ia}
49%
World CapitalBissau{Bis}s{au}
49%
World CapitalBridgetown{Br}i{dgetown}
49%
World CapitalCastries{Ca}s{tries}
49%
World CapitalDushanbe{Du}s{hanbe}
49%
US State CapitalHelena{He}l{ena}
49%
US State CapitalJuneau{Ju}n{eau}
49%
World CapitalKampala{Ka}m{pala}
49%
US State CapitalOlympia{O}l{ympia}
49%
100 Common WordsOne{On}e{}
49%
World CapitalPristina{Pr}i{stina}
49%
US State CapitalAnnapolis{An}n{apolis}
48%
World CapitalBamako{Ba}m{ako}
48%
World CapitalBangui{Bang}u{i}
48%
ElementsCopper{Cop}p{er}
48%
100 Common WordsIf{I}f{}
48%
US State CapitalJackson{}J{ackson}
48%
World CapitalLusaka{Lu}s{aka}
48%
ElementsMagnesium{Ma}g{nesium}
48%
World CapitalMuscat{M}u{scat}
48%
ElementsNitrogen{Ni}t{rogen}
48%
World CapitalPhnom Penh{Ph}n{om Penh}
48%
World CapitalPort-of-Spain{Port-}o{f-Spain}
48%
US State CapitalSalt Lake City{Sal}t{ Lake City}
48%
US State CapitalSanta Fe{San}t{a Fe}
48%
World CapitalSanto Domingo{Sant}o{ Domingo}
48%
World CapitalTashkent{Ta}s{hkent}
48%
100 Common WordsThat{Tha}t{}
48%
ElementsTin{Ti}n{}
48%
ElementsUranium{U}r{anium}
48%
World CapitalVictoria{V}i{ctoria}
48%
ElementsXenon{}X{enon}
48%
World CapitalBanjul{Ban}j{ul}
47%
US State CapitalDes Moines{De}s{ Moines}
47%
World CapitalDodoma{Do}d{oma}
47%
ElementsFluorine{Fl}u{orine}
47%
World CapitalManama{Mana}m{a}
47%
US State CapitalSalem{Sa}l{em}
47%
US State CapitalTallahassee{Ta}l{lahassee}
47%
100 Common WordsTheir{The}i{r}
47%
100 Common WordsThere{The}r{e}
47%
World CapitalTirana{Ti}r{ana}
47%
100 Common WordsAny{An}y{}
46%
World CapitalBandar Seri Begawan{Ba}n{dar Seri Begawan}
46%
US State CapitalCharleston{Cha}r{leston}
46%
US State CapitalConcord{Con}c{ord}
46%
ElementsEinsteinium{E}i{nsteinium}
46%
World CapitalGaborone{Gabo}r{one}
46%
US State CapitalHartford{Har}t{ford}
46%
100 Common WordsHow{Ho}w{}
46%
World CapitalMaputo{Ma}p{uto}
46%
World CapitalMogadishu{M}o{gadishu}
46%
World CapitalNassau{Nas}s{au}
46%
World CapitalOuagadougou{O}u{agadougou}
46%
World CapitalParamaribo{Para}m{aribo}
46%
World CapitalPort Louis{Po}r{t Louis}
46%
World CapitalPort Moresby{Port }M{oresby}
46%
World CapitalSaint George's{Sa}i{nt George's}
46%
World CapitalSaint John's{Saint }J{ohn's}
46%
World CapitalSuva{Su}v{a}
46%
World CapitalWindhoek{Wi}n{dhoek}
46%
ElementsGermanium{Ge}r{manium}
45%
US State CapitalHarrisburg{Har}r{isburg}
45%
World CapitalMoroni{Moro}n{i}
45%
World CapitalTegucigalpa{Te}g{ucigalpa}
45%
ElementsCalcium{Ca}l{cium}
44%
ElementsCalifornium{Californi}u{m}
44%
US State CapitalDover{Do}v{er}
44%
100 Common WordsFrom{Fr}o{m}
44%
ElementsLead{L}e{ad}
44%
World CapitalLilongwe{Li}l{ongwe}
44%
World CapitalMaseru{Ma}s{eru}
44%
World CapitalN'Djamena{N}'D{jamena}
44%
US State CapitalOklahoma City{Oklahoma} C{ity}
44%
ElementsSodium{So}d{ium}
44%
US State CapitalCarson City{Car}s{on City}
43%
US State CapitalCheyenne{Ch}e{yenne}
43%
100 Common WordsEven{E}v{en}
43%
World CapitalLibreville{Lib}r{eville}
43%
World CapitalLomé{L}o{mé}
43%
US State CapitalMontpelier{Mont}p{elier}
43%
World CapitalPraia{Pra}i{a}
43%
US State CapitalProvidence{Pro}v{idence}
43%
US State CapitalSaint Paul{Saint }P{aul}
43%
100 Common WordsTwo{T}w{o}
43%
World CapitalVientiane{Vien}t{iane}
43%
World CapitalConakry{Co}n{akry}
42%
ElementsFrancium{Franc}i{um}
42%
US State CapitalFrankfort{Fran}k{fort}
42%
World CapitalFunafuti{F}u{nafuti}
42%
100 Common WordsGive{Gi}v{e}
42%
ElementsIodine{I}o{dine}
42%
ElementsKrypton{K}r{ypton}
42%
US State CapitalLittle Rock{Lit}t{le Rock}
42%
US State CapitalMadison{Mad}i{son}
42%
World CapitalMalabo{Ma}l{abo}
42%
World CapitalMonrovia{Mon}r{ovia}
42%
US State CapitalNashville{Na}s{hville}
42%
World CapitalNiamey{N}i{amey}
42%
US State CapitalPierre{P}i{erre}
42%
World CapitalPort Vila{Port }V{ila}
42%
ElementsPotassium{Po}t{assium}
42%
US State CapitalRaleigh{Ra}l{eigh}
42%
US State CapitalRichmond{R}i{chmond}
42%
World CapitalThimphu{Th}i{mphu}
42%
US State CapitalTopeka{To}p{eka}
42%
US State CapitalTrenton{T}r{enton}
42%
World CapitalYerevan{Ye}r{evan}
42%
100 Common WordsAfter{Af}t{er}
41%
ElementsArsenic{Ar}s{enic}
41%
US State CapitalJefferson City{J}e{fferson City}
41%
US State CapitalLansing{La}n{sing}
41%
ElementsManganese{Man}g{anese}
41%
World CapitalMbabane{M}b{abane}
41%
US State CapitalMontgomery{Mont}g{omery}
41%
ElementsRadon{Rad}o{n}
41%
100 Common WordsWill{W}i{ll}
41%
ElementsAntimony{Anti}m{ony}
40%
World CapitalBloemfontein{B}l{oemfontein}
40%
100 Common WordsCould{Co}u{ld}
40%
World CapitalHoniara{Hon}i{ara}
40%
US State CapitalLincoln{Li}n{coln}
40%
World CapitalNaypyidaw{Na}y{pyidaw}
40%
ElementsPlutonium{Pl}u{tonium}
40%
World CapitalPorto-Novo{Port}o{-Novo}
40%
World CapitalRoseau{Ro}s{eau}
40%
US State CapitalSpringfield{Sp}r{ingfield}
40%
100 Common WordsThan{Tha}n{}
40%
100 Common WordsAlso{Al}s{o}
39%
ElementsAmericium{A}m{ericium}
39%
ElementsBarium{Bar}i{um}
39%
ElementsBromine{Br}o{mine}
39%
World CapitalGitega{G}i{tega}
39%
100 Common WordsLike{Li}k{e}
39%
World CapitalMajuro{Ma}j{uro}
39%
World CapitalYaoundé{Ya}o{undé}
39%
100 Common WordsBecause{Be}c{ause}
38%
ElementsCesium{Ce}s{ium}
38%
100 Common WordsDay{Da}y{}
38%
100 Common WordsGet{Ge}t{}
38%
100 Common WordsOut{Ou}t{}
38%
World CapitalPalikir{Pal}i{kir}
38%
ElementsRadium{Ra}d{ium}
38%
World CapitalSri Jayawardenepura Kotte{S}r{i Jayawardenepura Kotte}
38%
ElementsSulfur{Su}l{fur}
38%
ElementsTitanium{Ti}t{anium}
38%
ElementsTungsten{T}u{ngsten}
38%
World CapitalYaren{Ya}r{en}
38%
ElementsMercury{Me}r{cury}
37%
ElementsPhosphorus{Pho}s{phorus}
37%
ElementsActinium{Ac}t{inium}
36%
ElementsCobalt{C}o{balt}
36%
ElementsCurium{Cu}r{ium}
36%
ElementsGallium{Ga}l{lium}
36%
100 Common WordsNow{No}w{}
36%
World CapitalNukuʻalofa{N}u{kuʻalofa}
36%
100 Common WordsOver{O}v{er}
36%
World CapitalSouth Tarawa{South }T{arawa}
36%
World CapitalSucre{S}u{cre}
36%
ElementsYttrium{Ytt}r{ium}
36%
ElementsZirconium{Zi}r{conium}
36%
ElementsCadmium{}C{admium}
35%
ElementsChromium{Ch}r{omium}
35%
100 Common WordsCome{Co}m{e}
35%
100 Common WordsJust{Ju}s{t}
35%
World CapitalNouakchott{No}u{akchott}
35%
100 Common WordsUp{U}p{}
35%
ElementsIndium{Indi}u{m}
34%
100 Common WordsInto{In}t{o}
34%
World CapitalNgerulmud{N}g{erulmud}
34%
ElementsPlatinum{P}l{atinum}
34%
ElementsAstatine{Asta}t{ine}
33%
100 Common WordsWould{Wo}u{ld}
33%
ElementsBismuth{Bism}u{th}
32%
ElementsCerium{Ce}r{ium}
32%
100 Common WordsGood{Go}o{d}
32%
ElementsIridium{Ir}i{dium}
32%
100 Common WordsMake{Ma}k{e}
32%
ElementsPalladium{Pal}l{adium}
32%
ElementsPolonium{Pol}o{nium}
32%
ElementsScandium{S}c{andium}
32%
ElementsSilicon{Si}l{icon}
32%
100 Common WordsTake{Ta}k{e}
32%
100 Common WordsWith{Wi}t{h}
32%
World CapitalYamoussoukro{}Y{amoussoukro}
32%
ElementsEuropium{E}u{ropium}
31%
100 Common WordsThese{The}s{e}
31%
ElementsCopernicium{Cope}r{nicium}
30%
World CapitalCotonou{Co}t{onou}
30%
ElementsNickel{Nic}k{el}
30%
ElementsYtterbium{Y}t{terbium}
30%
ElementsBerkelium{Be}r{kelium}
29%
ElementsThallium{Tha}l{lium}
29%
100 Common WordsWhich{Wh}i{ch}
29%
ElementsBohrium{Bo}h{rium}
28%
ElementsDarmstadtium{Da}r{mstadtium}
28%
ElementsErbium{E}r{bium}
28%
ElementsHafnium{}H{afnium}
28%
100 Common WordsKnow{K}n{ow}
28%
100 Common WordsLook{Lo}o{k}
28%
100 Common WordsMost{Mos}t{}
28%
100 Common WordsOnly{On}l{y}
28%
ElementsSelenium{Se}l{enium}
28%
100 Common WordsSome{Som}e{}
28%
ElementsVanadium{Va}n{adium}
28%
100 Common WordsWay{Wa}y{}
28%
ElementsMoscovium{Mo}s{covium}
27%
ElementsOsmium{Os}m{ium}
27%
ElementsRhodium{Rhod}i{um}
27%
100 Common WordsUse{Us}e{}
27%
ElementsDysprosium{D}y{sprosium}
26%
100 Common WordsFirst{Fi}r{st}
26%
ElementsRutherfordium{Ruthe}r{fordium}
26%
ElementsStrontium{St}r{ontium}
26%
ElementsFermium{Fe}r{mium}
25%
ElementsMolybdenum{Mol}y{bdenum}
25%
ElementsNeptunium{Nep}t{unium}
25%
100 Common WordsTime{T}i{me}
25%
ElementsDubnium{Dub}n{ium}
24%
ElementsGadolinium{Ga}d{olinium}
24%
ElementsHassium{Ha}s{sium}
24%
ElementsLawrencium{La}w{rencium}
24%
ElementsThorium{Th}o{rium}
24%
ElementsHolmium{H}o{lmium}
23%
ElementsLanthanum{Lan}t{hanum}
23%
ElementsNobelium{No}b{elium}
23%
100 Common WordsWant{}W{ant}
23%
ElementsRubidium{R}u{bidium}
22%
100 Common WordsThink{Thi}n{k}
22%
ElementsLivermorium{Li}v{ermorium}
21%
ElementsLutetium{Lu}t{etium}
21%
ElementsMendelevium{Me}n{delevium}
21%
ElementsNihonium{Ni}h{onium}
21%
ElementsOganesson{O}g{anesson}
21%
100 Common WordsOther{O}t{her}
21%
ElementsSamarium{Sa}m{arium}
21%
ElementsTellurium{Te}l{lurium}
21%
ElementsTennessine{Tenness}i{ne}
21%
ElementsFlerovium{F}l{erovium}
20%
ElementsRhenium{R}h{enium}
20%
ElementsTerbium{Te}r{bium}
20%
ElementsThulium{Th}u{lium}
20%
ElementsMeitnerium{Me}i{tnerium}
19%
ElementsNiobium{Ni}o{bium}
19%
100 Common WordsPeople{Pe}o{ple}
19%
ElementsPromethium{Pr}o{methium}
19%
ElementsProtactinium{Pro}t{actinium}
19%
ElementsRuthenium{Ru}t{henium}
19%
ElementsSeaborgium{S}e{aborgium}
19%
100 Common WordsWork{W}o{rk}
19%
ElementsNeodymium{Ne}o{dymium}
18%
ElementsPraseodymium{Pra}s{eodymium}
17%
ElementsTantalum{Ta}n{talum}
17%
ElementsTechnetium{T}e{chnetium}
17%
ElementsRoentgenium{R}o{entgenium}
16%

Score Distribution

Percentile by Number Answered

Percent of People with Each Score

Your Score History

You have not taken this quiz since the last reset